000 00841am a2200289a 44500
003 AR-BaBNM
005 20251128210251.0
008 069019s1986 Arg|||||||||||000 | esp||
040 _cAR-BaBNM
100 1 _aStarico de Accomo, Mabel Nelly
245 1 0 _aLa poesía en la escuela primaria
_n2
250 _a1ª ed.
260 _aBuenos Aires
_bMagisterio del Rio de la Plata
_c1986
300 _a127 p.
490 0 _aActividades para la escuela primaria. Lenguaje
650 4 _aPOESIA
650 4 _aANTOLOGIAS
650 4 _aTECNICAS DE ENSEÑANZA
650 4 _aACTIVIDADES ESCOLARES
650 4 _aACTIVIDADES DE APRENDIZAJE
653 _aENSENANZA DE LA LENGUA
653 _aEDUCACION GENERAL BASICA
653 _aSEGUNDO CICLO DE LA EGB
700 1 _aGrancharoff, Lucía
_ecolaborador
942 _cBK
998 _cRaquel
999 _c14705
_d14705